000
00352nam a2200157Ia 4500
100
_a
Sastry/S.S
250
_a
4
942
_c
BK
654
_a
numerical analysis
245
_a
Introductory methods of numerical analysis
260
_b
Prentice Hall
_a
New Delhi
_c
2005
082
_a
519.4
_b
SAS
300
_a
440
546
_a
ENGLISH
999
_c
29492
_d
29492